Normal view
MARC view
- GADDIS,TONY,Mukherjee,Soumen
Entry Personal Name
001 - CONTROL NUMBER
- control field: 2842
003 - CONTROL NUMBER IDENTIFIER
- control field: JO-AjAnu
005 - DATE AND TIME OF LATEST TRANSACTION
- control field: 20230606070753.0
008 - FIXED-LENGTH DATA ELEMENTS
- fixed length control field: 230606|| aca||aabn | a|a d
040 ## - CATALOGING SOURCE
- Original cataloging agency: JO-AjAnu
- Transcribing agency: JO-AjAnu
100 ## - HEADING--PERSONAL NAME
- Personal name: GADDIS,TONY,Mukherjee,Soumen
670 ## - SOURCE DATA FOUND
- Source citation: Work cat.: (JO-AjAnu)1489: GADDIS,TONY,Mukherjee,Soumen, author, Starting OUT With JAVA From Conntrol Structures through Objects